| 000 | 00509nam a2200181Ia 4500 | ||
|---|---|---|---|
| 999 |
_c1726 _d1726 |
||
| 003 | OSt | ||
| 005 | 20200928105715.0 | ||
| 008 | 190216s9999||||xx |||||||||||||| ||und|| | ||
| 020 | _a9788180521768 | ||
| 040 | _coclc | ||
| 082 |
_a582.13 _bPAN/T |
||
| 100 |
_aPandey, S N _92549 |
||
| 245 | 0 |
_aTaxonomy Of Angiosperms / _cS N Pandey ; S P Misra |
|
| 260 |
_bAne Books India, _aNew Delhi: _c2008. |
||
| 300 | _a620p | ||
| 650 | _aBotany | ||
| 942 |
_cBK _2ddc _h582.13 _iPAN/T _k582.13 _mPAN/T |
||